| 000 | 00468nam a2200157 i 4500 | ||
|---|---|---|---|
| 001 | 38247 | ||
| 003 | ES-MaACL | ||
| 005 | 20230906155726.0 | ||
| 007 | t| | ||
| 008 | 030225s1965 sp ||||1| spa d | ||
| 100 | 1 |
_aCalcerrada, José H. de. _933567 |
|
| 245 | 1 | 0 |
_aVitalidad social del cuerpo místico de Cristo / _cJosé H. de Calcerrada. |
| 260 |
_aMadrid : _bApostolado de la Prensa, _c1965. |
||
| 300 |
_a187 p. ; _c18 cm. |
||
| 852 |
_aES-MaACL _jC-29673 _bR.57720 |
||
| 999 |
_c38247 _d38247 |
||